000 00896cab a2200265 4500
001 ABS57193
008 090401t1997 xxu||||| |||| 00| 0 eng d
035 _a(Sirsi) u98507
041 _aeng
100 _aMartin, J.
245 _aWhen the official talks rubbish
260 _c1997
350 _a0
490 _aEstates Gazette
_v(9721) 24 May 1997, 144-145(2)
520 _aHighlights recent enforcement notice appeals which provide some guidance as to the reliability placed by plaintiffs on the representation of planning officers.
650 _aENFORCEMENT NOTICE
650 _aFOYLE V SOS ENVIRONMENT AND ANOTHER
650 _aHEDLEY BYRNE & CO LTD V HELLER & PARTNERS LTD
650 _aR V WARWICKSHIRE CC EX P POWERGEN PLC
650 _aSLOUGH BC V SOS ENVIRONMENT
690 _aPLANNING LAW AND PRACTICE
700 _aEdwards, M.
942 _n0
948 _c18/06/1997
999 _c59890
_d59890